| 000 | 00471nam a22001577a 4500 | ||
|---|---|---|---|
| 003 | OSt | ||
| 082 |
_a631.7 _bNAR |
||
| 088 | _a579 | ||
| 100 |
_aNARENDRAN KS _aVISMAYA M _aSANJU VARGHESE JOSE _aDONA SHIBU _95494 |
||
| 245 | _aCHARACTERIZATION OF SOIL MEDIA OF POLYHOUSE CULTIVATION | ||
| 260 |
_aTAVANUR _bDEPARTMENT OF SOIL AND WATER CONSERVATION ENGINEERING _c2023 |
||
| 300 | _a73 | ||
| 700 | _aSATHIAN. K K (Guide) | ||
| 700 |
_aANJALI C.SUNNY _95495 |
||
| 942 | _cPR | ||
| 999 |
_c17717 _d17717 |
||